000 01411nam0a22003371 4500
001 RU\NLR\INFOCOMM_161\5000077941
005 20250613095926.0
035 _a(NLR Aleph) 009319620
090 _a9387569
_c9387569
100 _a20100825d1990 |||y0rusy50 ca
101 0 _aeng
_drus
102 _aRU
105 _ay ||||000|y
200 1 _aSea structure functions within the framework of nonperturbative approach
_fA. E. Dorokhov, N. I. Kochelev
210 _aДубна
_cОбъед. ин-т ядер. исслед.
_d1990
215 _a7 с.
_d21 см
225 1 _aСообщения Объединенного института ядерных исследований, Дубна
_vЕ2-90-549
300 _aНа 3-й с. обл.: О непертубативной части структурных функций кваркового моря / Дорохов А. Е., Кочелев Н. И.
300 _aРез. на рус. яз.
320 _aБиблиогр.: с. 6-7
606 _aКварки (физ.)
_2nlr_sh1
686 _aВ382.145
_2rubbk
700 1 _9z03790
_aDorochov
_bA. E.
_gAleksandr Evgen'evič
_4070
701 1 _9z04790
_aKočelev
_bN. I.
_gNikolaj Innokent'evič
_4070
790 1 _9z03700
_aDorokhov
_bA. E.
_4070
790 1 _9z04701
_aKochelev
_bN. I.
_4070
801 1 _aRU
_bNLR
_c20100825
801 0 _aRU
_bNLR
_gPSBO
852 _aNLR
_jФз01 Д-4/6191
942 _cBOOK
980 _aNB